[Event "Titled Tuesday intern op 02nd Apr Early"]
[Site "Chess.com INT"]
[Date "2024.04.02"]
[Round "6"]
[White "Nevednichy, Vladislav"]
[Black "Ruperez Benito, Antonio"]
[Result "1-0"]
[WhiteElo "2457"]
[BlackElo "2333"]
[PlyCount "115"]
[EventDate "2024.04.02"]
[EventType "swiss (blitz)"]
[EventRounds "11"]
[EventCountry "USA"]
[SourceTitle "CB15_2024"]
[SourceDate "2024.04.10"]
[SourceVersion "1"]
[SourceVersionDate "2024.04.10"]
[SourceQuality "1"]

1. d4 e6 2. e4 d5 3. Nc3 Bb4 4. e5 c5 5. a3 Bxc3+ 6. bxc3 Qa5 7. Bd2 Qa4 8. h4 Nc6 9. h5 h6 10. Qg4 Kf8 11. Rh3 Nxe5 12. Qh4 Nc6 13. Rb1 c4 14. Kd1 Qxa3 15. Rg3 Qe7 16. Qg4 Rh7 17. Qf4 Qf6 18. Qd6+ Qe7 19. Qf4 a5 20. Nf3 a4 21. Ne5 Nf6 22. Rf3 a3 23. Ra1 Ke8 24. Bc1 a2 25. g4 Rh8 26. Re3 Ne4 27. f3 Nd6 28. Qg3 Bd7 29. Bg2 Nxe5 30. Qxe5 Bc6 31. Qxg7 Kd7 32. Qe5 Rhg8 33. Re2 Nb5 34. Qe3 Qg5 35. Bd2 Qxe3 36. Rxe3 Rh8 37. Kc1 Kd6 38. Kb2 f6 39. Ree1 e5 40. dxe5+ fxe5 41. f4 e4 42. f5 Ke5 43. Rf1 Kf6 44. Rxa2 Rxa2+ 45. Kxa2 Rg8 46. Bh3 e3 47. Bxe3 Nxc3+ 48. Kb2 Na4+ 49. Ka3 Ke5 50. Bxh6 Ra8 51. Kb4 Nb6 52. Bg7+ Kd6 53. h6 Ra4+ 54. Kc3 Ra2 55. Bf8+ Kd7 56. h7 Na4+ 57. Kd4 Rxc2 58. h8Q 1-0

[Event "Karlsruhe Grenke op"]
[Site "Karlsruhe"]
[Date "2024.04.01"]
[Round "8"]
[White "Bluebaum, Matthias"]
[Black "Nevednichy, Vladislav"]
[Result "1-0"]
[WhiteElo "2655"]
[BlackElo "2445"]
[PlyCount "201"]
[EventDate "2024.03.28"]
[EventType "swiss"]
[EventRounds "9"]
[EventCountry "GER"]
[SourceTitle "CB14_2024"]
[SourceDate "2024.04.01"]
[SourceVersion "1"]
[SourceVersionDate "2024.04.01"]
[SourceQuality "1"]

1. d4 d6 2. Nf3 g6 3. c4 Bg7 4. Nc3 c5 5. dxc5 dxc5 6. Qxd8+ Kxd8 7. Bd2 Nc6 8. 0-0-0 Ke8 9. g3 Bd7 10. Bg2 Rc8 11. Ne1 b6 12. b3 Nb4 13. a3 Nc6 14. e3 Nh6 15. Nd3 Ng4 16. h3 Nge5 17. Ne1 Na5 18. Kc2 Bf5+ 19. Ne4 Nec6 20. g4 Bd7 21. Bc3 Bxc3 22. Kxc3 f5 23. gxf5 gxf5 24. Ng3 e6 25. Nd3 Ke7 26. Rhg1 Rhg8 27. Bf3 Nb8 28. Rg2 Bc6 29. Rdg1 Rgf8 30. Bxc6 Naxc6 31. Nh5 Rf7 32. Rg7 Rcf8 33. b4 Nd7 34. bxc5 Nxc5 35. Nxc5 bxc5 36. Rxf7+ Rxf7 37. Nf4 Ne5 38. Rg8 Kd6 39. Rc8 Rb7 40. Rg8 Rb1 41. Re8 Kd7 42. Rxe6 Ng6 43. Ra6 Nxf4 44. Rxa7+ Kd6 45. exf4 Rf1 46. Ra6+ Ke7 47. Rc6 Rxf2 48. Rxc5 Rxf4 49. Rc7+ Kd6 50. Rxh7 Rf1 51. h4 Kc5 52. Rc7+ Kd6 53. Rc8 Rh1 54. Rh8 Ke5 55. h5 f4 56. h6 f3 57. h7 f2 58. Rf8 Rxh7 59. Rxf2 Kd6 60. Rf5 Kc6 61. Kb4 Rb7+ 62. Rb5 Rh7 63. Rc5+ Kb6 64. Rg5 Rh1 65. Rg6+ Kb7 66. Kb5 Rb1+ 67. Kc5 Ra1 68. Rb6+ Kc7 69. Rb3 Ra2 70. Rh3 Kb7 71. Rh7+ Ka6 72. Kb4 Rb2+ 73. Kc3 Rb1 74. Rh6+ Ka7 75. Rg6 Rc1+ 76. Kb4 Rb1+ 77. Kc5 Ra1 78. Rg3 Kb7 79. Rh3 Ra2 80. Rb3+ Kc7 81. Kb5 Kb7 82. a4 Rh2 83. Rg3 Rb2+ 84. Kc5 Rb1 85. Rg7+ Ka6 86. Rg8 Rh1 87. Rg6+ Kb7 88. a5 Rh5+ 89. Kb4 Rf5 90. Rb6+ Kc7 91. Rb5 Rf6 92. Rh5 Rf1 93. Rh7+ Kc6 94. Rh6+ Kb7 95. Kb5 Rb1+ 96. Kc5 Ra1 97. Rh7+ Ka6 98. Kc6 Rxa5 99. Rh1 Ka7 100. c5 Ka8 101. Kb6 1-0

[Event "Bucharest Grand Prix op"]
[Site "Bucharest"]
[Date "2024.03.24"]
[Round "9"]
[White "Nevednichy, Vladislav"]
[Black "Antonica, Dragos Andrei"]
[Result "1-0"]
[WhiteElo "2445"]
[BlackElo "2366"]
[PlyCount "61"]
[EventDate "2024.03.23"]
[EventType "swiss (rapid)"]
[EventRounds "10"]
[EventCountry "ROU"]
[SourceTitle "CB13_2024"]
[SourceDate "2024.03.27"]
[SourceVersion "1"]
[SourceVersionDate "2024.03.27"]
[SourceQuality "1"]

1. e4 e6 2. d4 d5 3. Nc3 Bb4 4. e5 Ne7 5. a3 Bxc3+ 6. bxc3 b6 7. h4 Ba6 8. h5 h6 9. Qg4 Bxf1 10. Kxf1 Nf5 11. Qf4 c5 12. g4 Ne7 13. Rh3 Nbc6 14. Rf3 Rf8 15. a4 Qc7 16. Ne2 Na5 17. Kg2 Nc4 18. Ng3 f5 19. g5 hxg5 20. Qxg5 Rf7 21. Ne2 Kd7 22. Nf4 a5 23. Rg3 Rh8 24. Rb1 Rh6 25. Rb5 Nc6 26. dxc5 bxc5 27. Nd3 f4 28. Bxf4 Ne7 29. Qg4 Nf5 30. Bxh6 gxh6 31. Qg8 1-0

[Event "Bucharest Grand Prix op"]
[Site "Bucharest"]
[Date "2024.03.23"]
[Round "3"]
[White "Nevednichy, Vladislav"]
[Black "Saioc, David"]
[Result "1-0"]
[WhiteElo "2445"]
[BlackElo "2023"]
[PlyCount "127"]
[EventDate "2024.03.23"]
[EventType "swiss (rapid)"]
[EventRounds "10"]
[EventCountry "ROU"]
[SourceTitle "CB13_2024"]
[SourceDate "2024.03.27"]
[SourceVersion "1"]
[SourceVersionDate "2024.03.27"]
[SourceQuality "1"]

1. e4 c5 2. Nf3 d6 3. Bb5+ Bd7 4. c4 Nf6 5. Nc3 g6 6. d4 cxd4 7. Nxd4 Bg7 8. 0-0 0-0 9. f3 a6 10. Bxd7 Qxd7 11. Be3 Qc7 12. Rc1 e6 13. Qd2 Rd8 14. Rfd1 Nbd7 15. b3 Rac8 16. Nde2 Ne5 17. Na4 Qb8 18. Bb6 Rd7 19. Qe3 Nc6 20. Qf2 Ne7 21. Ba7 Qa8 22. Be3 Rc6 23. Nd4 Rcc7 24. Nb6 Qd8 25. Ne2 Nc8 26. Nxd7 Rxd7 27. Rd2 d5 28. cxd5 exd5 29. e5 Ne8 30. f4 Ne7 31. Nd4 Nc7 32. Rdc2 Ne6 33. f5 Nxd4 34. Bxd4 Nc6 35. f6 Bh6 36. Rxc6 bxc6 37. Rxc6 Rc7 38. Rxc7 Qxc7 39. g3 Qc1+ 40. Kg2 Qb1 41. Qe2 Qf5 42. b4 Bf8 43. a3 h5 44. h4 Kh7 45. Kh2 Qb1 46. e6 fxe6 47. Qxe6 Qc2+ 48. Kh3 Qf5+ 49. Qxf5 gxf5 50. Bc5 Bh6 51. f7 d4 52. Bxd4 Kg6 53. Be3 Bg7 54. a4 Kxf7 55. b5 axb5 56. axb5 Be5 57. b6 Ke6 58. Kg2 Kd5 59. Kf3 Kc6 60. Bf4 Bf6 61. Bc7 Bd4 62. Kf4 Bf2 63. Kxf5 Kb7 64. Ke4 1-0

[Event "ROM-ch"]
[Site "Eforie Nord"]
[Date "2024.02.25"]
[Round "2"]
[White "Daianu, Cristian Clement"]
[Black "Nevednichy, Vladislav"]
[Result "1/2-1/2"]
[WhiteElo "2201"]
[BlackElo "2445"]
[PlyCount "72"]
[EventDate "2024.02.24"]
[EventType "swiss"]
[EventRounds "9"]
[EventCountry "ROU"]
[SourceTitle "CB10_2024"]
[SourceDate "2024.03.06"]
[SourceVersion "1"]
[SourceVersionDate "2024.03.06"]
[SourceQuality "1"]

1. e4 c5 2. Nf3 d6 3. d4 cxd4 4. Nxd4 Nf6 5. Nc3 Nc6 6. Bg5 e6 7. Qd3 Be7 8. 0-0-0 0-0 9. h4 Nxd4 10. Qxd4 Qa5 11. Kb1 h6 12. f4 Rd8 13. Qe3 b5 14. Bd3 b4 15. Ne2 Ba6 16. Nd4 Bxd3 17. Rxd3 Rac8 18. Bxf6 Bxf6 19. Nf3 Rc6 20. Rhd1 Ra6 21. a3 Rb8 22. Rb3 Rab6 23. e5 dxe5 24. fxe5 Be7 25. Rd7 Kf8 26. Qd2 Qa6 27. axb4 Qf1+ 28. Qd1 Qxg2 29. Rxa7 Rd8 30. Rd7 Rxd7 31. Qxd7 Qf1+ 32. Ka2 Ra6+ 33. Ra3 Qc4+ 34. Kb1 Qf1+ 35. Ka2 Qc4+ 36. Kb1 Qf1+ 1/2-1/2

[Event "Groningen op 59th"]
[Site "Groningen"]
[Date "2023.12.29"]
[Round "8"]
[White "Nevednichy, Vladislav"]
[Black "De Winter, Arthur"]
[Result "1/2-1/2"]
[WhiteElo "2452"]
[BlackElo "2405"]
[PlyCount "108"]
[EventDate "2023.12.21"]
[EventType "swiss"]
[EventRounds "9"]
[EventCountry "NED"]
[SourceTitle "CB04_2024"]
[SourceDate "2023.10.16"]
[SourceVersion "1"]
[SourceVersionDate "2023.10.16"]
[SourceQuality "1"]

1. e4 c5 2. Nf3 d6 3. Bb5+ Nd7 4. a4 Ngf6 5. Nc3 g6 6. 0-0 Bg7 7. d4 cxd4 8. Nxd4 a6 9. Be2 0-0 10. Be3 Ne5 11. h3 Bd7 12. f4 Nc6 13. Nb3 Rc8 14. a5 Be6 15. Bb6 Qe8 16. Nd2 d5 17. f5 gxf5 18. exf5 Bd7 19. Nb3 Kh8 20. Nxd5 Nxd5 21. Qxd5 e6 22. fxe6 Bxe6 23. Qh5 f5 24. Qxe8 Rfxe8 25. Bh5 Rg8 26. Rae1 Bc4 27. Rxf5 Bxb2 28. Bg4 Rce8 29. Rb1 Bc3 30. Rf4 Ne5 31. Bh5 Re7 32. Bd4 Bxd4+ 33. Nxd4 Bd5 34. Rf2 Nc4 35. Ra1 Re5 36. Be2 Ne3 37. Bf3 Bxf3 38. Nxf3 Rc5 39. Rb1 Rxa5 40. Re2 Ra3 41. Nd4 Nd5 42. Rxb7 Nf4 43. Rd2 Rag3 44. Nf5 Rxg2+ 45. Rxg2 Rxg2+ 46. Kf1 Rg8 47. c4 Rf8 48. Nd6 Kg8 49. Ra7 Nxh3+ 50. Ke2 h5 51. Rxa6 h4 52. Ke3 Nf2 53. Ne4 Re8 54. Kxf2 Rxe4 1/2-1/2

[Event "Groningen op 59th"]
[Site "Groningen"]
[Date "2023.12.27"]
[Round "6"]
[White "Nevednichy, Vladislav"]
[Black "Nagarkatte, Vedant"]
[Result "1-0"]
[WhiteElo "2452"]
[BlackElo "2320"]
[PlyCount "61"]
[EventDate "2023.12.21"]
[EventType "swiss"]
[EventRounds "9"]
[EventCountry "NED"]
[SourceTitle "CB04_2024"]
[SourceDate "2023.10.16"]
[SourceVersion "1"]
[SourceVersionDate "2023.10.16"]
[SourceQuality "1"]

1. e4 e5 2. Nf3 Nc6 3. Bc4 Nf6 4. d3 d5 5. exd5 Nxd5 6. 0-0 Be7 7. Re1 f6 8. a4 Bg4 9. a5 a6 10. c3 Qd7 11. h3 Bh5 12. Nxe5 Qf5 13. Ng4 0-0-0 14. d4 Rhe8 15. Nd2 Qd7 16. Qb3 Bxg4 17. hxg4 Nf4 18. Nf1 Qxg4 19. Bxf4 Qxf4 20. Bf7 Rf8 21. Be6+ Kb8 22. Bd5 Rxd5 23. Qxd5 Bd6 24. b4 Ne7 25. Qe4 Qg5 26. c4 f5 27. Qf3 Bxb4 28. Rab1 Nc6 29. Rxb4 Nxb4 30. Rb1 Qe7 31. c5 1-0

[Event "Groningen op 59th"]
[Site "Groningen"]
[Date "2023.12.22"]
[Round "2"]
[White "Nevednichy, Vladislav"]
[Black "Jaiveer, Mahendru"]
[Result "1-0"]
[WhiteElo "2452"]
[BlackElo "2294"]
[PlyCount "125"]
[EventDate "2023.12.21"]
[EventType "swiss"]
[EventRounds "9"]
[EventCountry "NED"]
[SourceTitle "CB04_2024"]
[SourceDate "2023.10.16"]
[SourceVersion "1"]
[SourceVersionDate "2023.10.16"]
[SourceQuality "1"]

1. c4 e5 2. Nc3 Nf6 3. Nf3 Nc6 4. g3 d5 5. cxd5 Nxd5 6. Bg2 Nb6 7. 0-0 Be7 8. b3 0-0 9. Bb2 Be6 10. Rc1 f5 11. d3 Qd7 12. Nd2 Bf6 13. Nc4 Nxc4 14. bxc4 Ne7 15. Na4 c6 16. Nc5 Qc8 17. e4 b6 18. Nxe6 Qxe6 19. exf5 Qxf5 20. Qe2 Rad8 21. Be4 Qd7 22. Rfe1 c5 23. Rcd1 Nf5 24. Qg4 Nd4 25. Bd5+ Kh8 26. Qxd7 Rxd7 27. Bxd4 exd4 28. h4 g6 29. Re4 Kg7 30. Be6 Re7 31. Rde1 h6 32. Kg2 Rd8 33. a4 Rde8 34. Bd5 Kf8 35. Kh3 Re5 36. f4 R5e7 37. Kg4 Rxe4 38. dxe4 h5+ 39. Kf3 Kg7 40. e5 Bd8 41. Rg1 Rf8 42. Ke4 Be7 43. Be6 Bd8 44. Bd5 Be7 45. Be6 Rd8 46. Rb1 Kf8 47. Bd5 Kg7 48. Kd3 Rf8 49. a5 Rb8 50. a6 Rd8 51. Be4 Rd7 52. Rg1 Kf7 53. g4 Bxh4 54. gxh5 gxh5 55. f5 Re7 56. Bd5+ Ke8 57. Rg8+ Kd7 58. Be6+ Kc6 59. Rc8+ Rc7 60. Bd5+ Kd7 61. Rh8 Bg3 62. Ke4 d3 63. f6 1-0

[Event "Groningen op 59th"]
[Site "Groningen"]
[Date "2023.12.21"]
[Round "1"]
[White "Albers, Sasa"]
[Black "Nevednichy, Vladislav"]
[Result "0-1"]
[WhiteElo "2192"]
[BlackElo "2452"]
[PlyCount "86"]
[EventDate "2023.12.21"]
[EventType "swiss"]
[EventRounds "9"]
[EventCountry "NED"]
[SourceTitle "CB04_2024"]
[SourceDate "2023.10.16"]
[SourceVersion "1"]
[SourceVersionDate "2023.10.16"]
[SourceQuality "1"]

1. e4 c5 2. Nf3 d6 3. d4 cxd4 4. Nxd4 Nf6 5. Nc3 Nc6 6. Bg5 e6 7. Qd2 a6 8. 0-0-0 Bd7 9. Kb1 Be7 10. f3 Nxd4 11. Qxd4 b5 12. Be3 Bc6 13. Qd2 d5 14. e5 Nd7 15. f4 Nc5 16. Ne2 0-0 17. Nd4 Bd7 18. g4 b4 19. Bg2 Qc7 20. Rhf1 Bb5 21. Rf3 Ne4 22. Qe1 Rfc8 23. Rh3 Bd7 24. Bc1 Bc6 25. g5 g6 26. Rdd3 Bf8 27. Qh4 h6 28. gxh6 Kh7 29. Qe1 a5 30. Nxc6 Qxc6 31. Qe2 Bc5 32. Be3 a4 33. Bxc5 Nxc5 34. Rd1 a3 35. b3 Ne4 36. Bxe4 dxe4 37. Rc1 Qd5 38. Qe1 Qd4 39. c3 bxc3 40. Rhxc3 Rxc3 41. Qxc3 Qf2 42. b4 e3 43. b5 Rc8 0-1

[Event "EU-ch Blitz"]
[Site "Zagreb"]
[Date "2023.12.16"]
[Round "6"]
[White "Bacrot, Etienne"]
[Black "Nevednichy, Vladislav"]
[Result "1-0"]
[WhiteElo "2683"]
[BlackElo "2452"]
[PlyCount "73"]
[EventDate "2023.12.16"]
[EventType "swiss (blitz)"]
[EventRounds "13"]
[EventCountry "CRO"]
[SourceTitle "CB51_2023"]
[SourceDate "2023.12.20"]
[SourceVersion "1"]
[SourceVersionDate "2023.12.20"]
[SourceQuality "1"]

1. e4 d5 2. exd5 Nf6 3. d4 Nxd5 4. Nf3 Bg4 5. h3 Bh5 6. c4 Nb6 7. g4 Bg6 8. Nc3 e6 9. Bg2 c6 10. Qb3 Qc8 11. Ne5 N8d7 12. Nxg6 hxg6 13. Be3 Be7 14. Rc1 0-0 15. 0-0 a5 16. a4 Qc7 17. Rfd1 Rfe8 18. d5 Bc5 19. d6 Qd8 20. Ne4 Bxe3 21. Qxe3 Nxa4 22. c5 b6 23. Qa3 Naxc5 24. Nxc5 bxc5 25. Bxc6 Rb8 26. Qa4 Rb4 27. Qa3 Rb6 28. Qa4 Rb4 29. Bxd7 Rxa4 30. Bxa4 Rf8 31. Rxc5 Qb6 32. Rc4 Rd8 33. d7 Kh7 34. Rc8 f5 35. Rxd8 Qxd8 36. Rc1 fxg4 37. Rc8 1-0

[Event "EU-ch Blitz"]
[Site "Zagreb"]
[Date "2023.12.16"]
[Round "12"]
[White "Dardha, Daniel"]
[Black "Nevednichy, Vladislav"]
[Result "1-0"]
[WhiteElo "2598"]
[BlackElo "2452"]
[PlyCount "69"]
[EventDate "2023.12.16"]
[EventType "swiss (blitz)"]
[EventRounds "13"]
[EventCountry "CRO"]
[SourceTitle "CB51_2023"]
[SourceDate "2023.12.20"]
[SourceVersion "1"]
[SourceVersionDate "2023.12.20"]
[SourceQuality "1"]

1. d4 Nf6 2. Bg5 c5 3. dxc5 Na6 4. Nc3 Nxc5 5. Bxf6 gxf6 6. e4 Rg8 7. Qd2 d6 8. 0-0-0 a6 9. f4 b5 10. e5 fxe5 11. fxe5 Rg6 12. Kb1 Bg4 13. Be2 Bh6 14. Qe1 Bf5 15. Bh5 Re6 16. Nf3 b4 17. Nd5 b3 18. axb3 Rb8 19. Nd4 Rxe5 20. Qf2 Bg6 21. Bxg6 hxg6 22. Nc6 Qc8 23. Nxe5 dxe5 24. Qh4 Bf8 25. Rhe1 Qc6 26. Rxe5 Ne6 27. Qe4 Rc8 28. c3 Bg7 29. Nb4 Qxe4+ 30. Rxe4 Nc5 31. Rc4 Rc7 32. Nd5 Rc6 33. b4 e6 34. Rxc5 Rxc5 35. bxc5 1-0

[Event "Iasi Sadoveanu Memorial"]
[Site "Iasi"]
[Date "2023.08.01"]
[Round "1"]
[White "Nevednichy, Vladislav"]
[Black "Iavorschi, Andrei"]
[Result "1-0"]
[WhiteElo "2444"]
[BlackElo "1295"]
[PlyCount "57"]
[EventDate "2023.08.01"]
[EventType "swiss"]
[EventRounds "9"]
[EventCountry "ROU"]
[SourceTitle "CBM 215 Extra"]
[Source "ChessBase"]
[SourceDate "2023.09.30"]
[SourceVersion "1"]
[SourceVersionDate "2023.09.30"]
[SourceQuality "1"]

1. c4 c5 2. Nc3 Nc6 3. g3 g6 4. Bg2 Nf6 5. a3 a5 6. Nf3 Bg7 7. 0-0 Rb8 8. d4 cxd4 9. Nxd4 0-0 10. Ndb5 d6 11. e4 Nd7 12. Rb1 Nde5 13. Qe2 Be6 14. b3 Qc8 15. Nd5 b6 16. Be3 Bh3 17. Nxb6 Rxb6 18. Bxb6 Bxg2 19. Kxg2 f5 20. f3 g5 21. exf5 Qxf5 22. Nd4 Nxd4 23. Bxd4 Rf6 24. Bxe5 dxe5 25. Qe4 Qe6 26. c5 Rh6 27. g4 Rh4 28. Qc4 Qxc4 29. bxc4 1-0

[Event "Paleochora op 16th"]
[Site "Paleochora"]
[Date "2023.07.26"]
[Round "9"]
[White "Nevednichy, Vladislav"]
[Black "Mohammad, Nubairshah Shaikh"]
[Result "1/2-1/2"]
[WhiteElo "2453"]
[BlackElo "2406"]
[PlyCount "121"]
[EventDate "2023.07.19"]
[EventType "swiss"]
[EventRounds "9"]
[EventCountry "GRE"]
[SourceTitle "EXT 2024"]
[Source "ChessBase"]
[SourceDate "2023.10.10"]
[SourceVersion "1"]
[SourceVersionDate "2023.10.10"]
[SourceQuality "1"]

1. e4 c6 2. d4 d5 3. exd5 cxd5 4. Bd3 Nf6 5. c3 Bg4 6. Ne2 Nc6 7. 0-0 e6 8. Bf4 Bd6 9. f3 Bh5 10. Nd2 0-0 11. Nb3 Re8 12. Bb5 a6 13. Bxc6 bxc6 14. Qd2 Bf8 15. Nbc1 Nd7 16. Nd3 a5 17. Be3 f6 18. Ng3 Bf7 19. b3 Qc7 20. Rac1 e5 21. f4 e4 22. Nc5 Nxc5 23. dxc5 Qa7 24. Qf2 Reb8 25. Rfe1 Rb5 26. c4 Rbb8 27. Nf5 a4 28. Nd4 Qa6 29. cxd5 Bxd5 30. f5 axb3 31. axb3 Qa7 32. h4 h5 33. Rc3 Bxc5 34. Nxc6 Bxe3 35. Qxe3 Qxe3+ 36. Rexe3 Ra1+ 37. Kh2 Rb7 38. Nd8 Rb6 39. Ne6 Bxe6 40. fxe6 Rxe6 41. Rc5 Rf1 42. Rxh5 f5 43. g3 Rc6 44. Kg2 Rcc1 45. Rg5 Rg1+ 46. Kh2 Rh1+ 47. Kg2 Rcg1+ 48. Kf2 Rb1 49. Kg2 Rhg1+ 50. Kh2 Rgf1 51. Kg2 Kh7 52. Rc3 Rg1+ 53. Kh2 Rgf1 54. Kg2 Rg1+ 55. Kh2 Rh1+ 56. Kg2 Rbg1+ 57. Kf2 Re1 58. Rc7 Rhf1+ 59. Kg2 Rg1+ 60. Kh2 Rh1+ 61. Kg2 1/2-1/2

[Event "Paleochora op 16th"]
[Site "Paleochora"]
[Date "2023.07.25"]
[Round "8"]
[White "Papasimakopoulos, Alexandros"]
[Black "Nevednichy, Vladislav"]
[Result "0-1"]
[WhiteElo "2403"]
[BlackElo "2453"]
[PlyCount "70"]
[EventDate "2023.07.19"]
[EventType "swiss"]
[EventRounds "9"]
[EventCountry "GRE"]
[SourceTitle "EXT 2024"]
[Source "ChessBase"]
[SourceDate "2023.10.10"]
[SourceVersion "1"]
[SourceVersionDate "2023.10.10"]
[SourceQuality "1"]

1. Nf3 g6 2. g3 Bg7 3. Bg2 c5 4. c4 Nc6 5. 0-0 d6 6. Nc3 Bf5 7. a3 Qd7 8. b4 cxb4 9. axb4 Nxb4 10. d4 Nc6 11. Be3 Nf6 12. d5 Nb4 13. Rxa7 Rxa7 14. Bxa7 0-0 15. Nd4 Ra8 16. Ndb5 Bh3 17. e4 Bxg2 18. Kxg2 Qc8 19. Qb3 Na6 20. Na4 Nd7 21. Qc2 Nc7 22. Bd4 Nxb5 23. Bxg7 Na3 24. Qb3 Qxc4 25. Qxc4 Nxc4 26. Nb2 Nd2 27. Rd1 Nxe4 28. Bh6 Ndf6 29. h3 Nc3 30. Rd3 Nfxd5 31. Bd2 Rc8 32. h4 h5 33. Rd4 b5 34. g4 e5 35. Rd3 hxg4 0-1

[Event "Paleochora op 16th"]
[Site "Paleochora"]
[Date "2023.07.20"]
[Round "2"]
[White "Tetepoulidis, Ioannis"]
[Black "Nevednichy, Vladislav"]
[Result "0-1"]
[WhiteElo "2106"]
[BlackElo "2453"]
[PlyCount "59"]
[EventDate "2023.07.19"]
[EventType "swiss"]
[EventRounds "9"]
[EventCountry "GRE"]
[SourceTitle "EXT 2024"]
[Source "ChessBase"]
[SourceDate "2023.10.10"]
[SourceVersion "1"]
[SourceVersionDate "2023.10.10"]
[SourceQuality "1"]

1. e4 c5 2. Nc3 d6 3. f4 g6 4. Nf3 Bg7 5. Bb5+ Bd7 6. Bc4 Nc6 7. 0-0 Nd4 8. f5 Nf6 9. Nxd4 cxd4 10. Ne2 d5 11. exd5 Bxf5 12. Nf4 0-0 13. d3 Rc8 14. Qe2 h6 15. h3 g5 16. Nh5 Nxh5 17. Qxh5 e6 18. h4 Bg6 19. Qf3 gxh4 20. dxe6 fxe6 21. Bxe6+ Kh7 22. Bf4 Rxc2 23. Qxb7 Qb6 24. Qxg7+ Kxg7 25. Be5+ Kh7 26. Rxf8 Rxg2+ 27. Kxg2 Be4+ 28. dxe4 Qxe6 29. Raf1 Qxe5 30. R1f7+ 0-1

[Event "Bastia op"]
[Site "Bastia"]
[Date "2023.07.10"]
[Round "9"]
[White "Aarav, Dengla"]
[Black "Nevednichy, Vladislav"]
[Result "1-0"]
[WhiteElo "2343"]
[BlackElo "2453"]
[PlyCount "74"]
[EventDate "2023.07.09"]
[EventType "swiss"]
[EventRounds "9"]
[EventCountry "FRA"]
[SourceTitle "CBM 215 Extra"]
[Source "ChessBase"]
[SourceDate "2023.09.30"]
[SourceVersion "1"]
[SourceVersionDate "2023.09.30"]
[SourceQuality "1"]

1. e4 c5 2. Nf3 d6 3. d4 cxd4 4. Nxd4 Nf6 5. Nc3 Nc6 6. Bg5 e6 7. Qd2 a6 8. 0-0-0 Bd7 9. Kb1 Be7 10. f3 b5 11. Nxc6 Bxc6 12. Bd3 b4 13. Ne2 Qb6 14. h4 a5 15. c4 bxc3 16. Nxc3 a4 17. a3 h6 18. Be3 Qb7 19. Qe2 0-0 20. Bb5 Rfb8 21. Bxc6 Qxc6 22. Qc2 Rb3 23. Rd3 Rab8 24. Nd1 Qa6 25. Rxb3 axb3 26. Qd2 d5 27. e5 Nd7 28. Bd4 Bb4 29. Qe3 Bxa3 30. bxa3 Qxa3 31. Qd2 Ra8 32. Ne3 Nb6 33. Rc1 Na4 34. Nd1 Nb6 35. Ne3 Na4 36. Nd1 b2 37. Nxb2 Rb8 1-0